| 000 | 00573nam a22001817a 4500 | ||
|---|---|---|---|
| 999 |
_c18204 _d18204 |
||
| 008 | 200130b xxu||||| |||| 00| 0 eng d | ||
| 020 | _a8126551040 | ||
| 040 |
_aKABU _cKABU |
||
| 050 |
_aQA76.9 _b.D3R34 2010 c. 1 |
||
| 100 | _aRahimi, Saeed K. | ||
| 245 |
_aDistributed database management systems _ba practical approach _cSaeed K. Rahimi, Frank S. Haug |
||
| 260 |
_aNew Jersey _bJohn Wiley & Sons _c2010 |
||
| 300 | _axxxiv, 728 p. | ||
| 650 | _aDistributed databases | ||
| 650 | _aDatabase mangement | ||
| 700 | _aHaug, Frank S. | ||
| 942 |
_2lcc _cBK _hQA76.9 |
||